Callús : història en imatges : 1850 - 1975 / Lluís Sala i Sala, Marina Serra i Junyent , Ramon Fons i Vilardell història en imatges :
ISBN:
84-88811-20-9
Descripción Física:
163 p. : il., fot. ; 28 cm
Colección:
Fotografia històrica ; 1
MARC
| LEADER | 00000nam a2200000Ia 4500 | ||
|---|---|---|---|
| 001 | 14661 | ||
| 008 | 160829s9999 xx 000 0 cat d | ||
| 020 | |a 84-88811-20-9 | ||
| 080 | |a H-2-194 | ||
| 100 | |a Sala i Sala, Lluís |9 22436 | ||
| 245 | |a Callús : |b història en imatges : |b 1850 - 1975 / Lluís Sala i Sala, Marina Serra i Junyent , Ramon Fons i Vilardell | ||
| 260 | |a Manresa : |b Angle : |b Centre d'Estudis del Bages, DL 1996 | ||
| 300 | |a 163 p. : |b il., fot. ; |c 28 cm | ||
| 490 | |a Fotografia històrica ; 1 | ||
| 650 | |a Callús |x Història local |x Llibres de làmines |9 22437 | ||
| 650 | |a Fotografia documental |x Callús |9 22438 | ||
| 700 | |a Serra i Junyent, Marina |9 22439 | ||
| 700 | |a Fons i Vilardell, Ramon |9 22440 | ||
| 700 | |a Centre d'Estudis del Bages |9 22441 | ||
| 901 | |a Arxiu | ||
| 942 | |n 1 | ||
| 952 | |0 0 |1 0 |4 0 |6 H2194 |7 1 |9 42223 |a Arxiu |b Arxiu |d 2016-12-01 |l 0 |o H-2-194 |p 14661 |r 2016-12-01 00:00:00 |w 2016-12-01 |y ARXIU | ||
| 999 | |c 44670 |d 44670 | ||